| 000 | 00555nam a2200169Ia 4500 | ||
|---|---|---|---|
| 008 | 090711s9999 xx 000 0 und d | ||
| 082 | _b277 | ||
| 100 | _aसाठे शं. गो. | ||
| 245 | _aिंSाSाा आणि बोरे | ||
| 260 |
_bएन. के. पब्लिशिंग हाऊस _c1945 |
||
| 300 | _a99 | ||
| 600 | _aसाठे शं. गो. | ||
| 630 | _aिंSाSाा आणि बोरे | ||
| 700 | _aसाठे शं. गो. | ||
| 730 | _aिंSाSाा आणि बोरे | ||
| 942 | _cBOOK | ||
| 999 |
_c288818 _d288818 |
||